Kultúrne tradície verzus modernizácia a ich vplyv na vzájomný obchod medzi EÚ (osobitne SR) a Indiou diplomová práca

Saved in:
Bibliographic Details
Main Author: Peterková, Michaela
Corporate Author: Fakulta medzinárodných vzťahov EU. Katedra medzinárodných politických vzťahov
Other Authors: Zágoršeková, Marta
Format: Book
Language:Slovak
Published: Bratislava 2012
Tags: Add Tag
No Tags, Be the first to tag this record!

MARC

LEADER 00000nbm a2200000 4500
001 0152273
005 20170307144619.5
041 0 |a slo 
044 |a SK 
245 1 0 |a Kultúrne tradície verzus modernizácia a ich vplyv na vzájomný obchod medzi EÚ (osobitne SR) a Indiou  |b diplomová práca  |c Michaela Peterková ; školiteľ: Marta Zágoršeková 
264 1 |a Bratislava  |c 2012 
300 |a 68 s. 
100 1 |a Peterková, Michaela 
700 1 |a Zágoršeková, Marta 
710 2 |a Fakulta medzinárodných vzťahov EU. Katedra medzinárodných politických vzťahov